[Event "Titled Tue 10th Jun Late"]
[Site "chess.com INT"]
[Date "2025.06.10"]
[Round "6"]
[White "Wu, Rochelle"]
[Black "Skramstad, Oda Kofoed"]
[Result "0-1"]
[WhiteTitle "FM"]
[BlackTitle "WCM"]
[WhiteElo "2211"]
[BlackElo "1898"]
[WhiteFideId "30908132"]
[BlackFideId "1564862"]
[EventDate "2025.06.10"]

1. d4 Nf6 2. c4 g6 3. Nc3 Bg7 4. g3 O-O 5. Bg2 d6 6. e4 c5 7. Nge2 Nc6 8. d5 Na5
9. b3 a6 10. O-O Rb8 11. a4 Bd7 12. Qc2 b5 13. axb5 axb5 14. cxb5 Bxb5 15. Nxb5
Rxb5 16. Rb1 Qb6 17. Bd2 Nxb3 18. Qd3 Rb8 19. Bc3 Nd7 20. Bxg7 Kxg7 21. Qc3+ Kg8
22. Bh3 Ne5 23. f4 Nd4 24. Nxd4 Rxb1 25. Nc2 Rxf1+ 26. Kxf1 Qb5+ 0-1

[Event "Titled Tue 10th Jun Late"]
[Site "chess.com INT"]
[Date "2025.06.10"]
[Round "6"]
[White "Elier, Ali"]
[Black "Rabin, Evan"]
[Result "1-0"]
[WhiteTitle "CM"]
[WhiteElo "2142"]
[BlackElo "1945"]
[WhiteFideId "16217543"]
[BlackFideId "2028670"]
[EventDate "2025.06.10"]

1. c4 Nf6 2. g3 e6 3. Bg2 d5 4. Nf3 Be7 5. O-O O-O 6. b3 c5 7. cxd5 exd5 8. d4
Nc6 9. Bb2 Bf5 10. dxc5 Bxc5 11. Nc3 Re8 12. Rc1 Rc8 13. Na4 Bb4 14. a3 Ba5 15.
b4 Bc7 16. Nd4 Nxd4 17. Bxd4 b6 18. Bxf6 Qxf6 19. Nc3 d4 20. Nd5 Qe5 21. Nxc7
Rxc7 22. Rxc7 Qxc7 23. Qxd4 Rxe2 24. Rd1 Re8 25. h4 Be6 26. b5 Rc8 27. Bc6 g6
28. h5 gxh5 29. Qh4 Bg4 30. Rd5 h6 31. Qf6 a6 32. a4 axb5 33. axb5 Qa7 34. Qxh6
Qa1+ 35. Kg2 f6 36. Rg5+ Kf7 37. Qh7+ Ke6 38. Qd7# 1-0

[Event "Titled Tue 10th Jun Late"]
[Site "chess.com INT"]
[Date "2025.06.10"]
[Round "6"]
[White "Adamson, Robby"]
[Black "Quinones Garcia, Santiago"]
[Result "1-0"]
[WhiteTitle "FM"]
[BlackTitle "FM"]
[WhiteElo "2226"]
[BlackElo "2259"]
[WhiteFideId "2009730"]
[BlackFideId "4408497"]
[EventDate "2025.06.10"]

1. e4 e6 2. d4 d5 3. Nd2 Nf6 4. e5 Nfd7 5. f4 c5 6. c3 Nc6 7. Ndf3 Be7 8. Bd3 a6
9. Ne2 b5 10. O-O Bb7 11. f5 cxd4 12. fxe6 fxe6 13. cxd4 Qb6 14. Kh1 O-O-O 15.
a4 b4 16. Nf4 Nf8 17. Be3 Kb8 18. Nh5 g6 19. Nf6 Nd7 20. Ng5 Ndxe5 21. Nxe6 Rc8
22. Nxd5 Qa5 23. Nxe7 Nxe7 24. Bf4 Qd5 25. Bxe5+ Ka8 26. Nf4 1-0

[Event "Titled Tue 10th Jun Late"]
[Site "chess.com INT"]
[Date "2025.06.10"]
[Round "6"]
[White "Pullela, Sricharan"]
[Black "Ansat, Aldiyar"]
[Result "0-1"]
[BlackTitle "IM"]
[WhiteElo "2144"]
[BlackElo "2489"]
[WhiteFideId "30951089"]
[BlackFideId "13715658"]
[EventDate "2025.06.10"]

1. Nf3 d5 2. d3 Nf6 3. g3 g6 4. Bg2 Bg7 5. O-O O-O 6. Nbd2 c5 7. c4 Nc6 8. a3 e5
9. cxd5 Nxd5 10. Qc2 b6 11. Ne4 Bb7 12. Bd2 Rc8 13. Rfc1 f5 14. Nc3 Nd4 15. Qd1
Nxc3 16. Bxc3 Nxf3+ 17. Bxf3 Bxf3 18. exf3 Qd5 19. Qe2 Rcd8 20. Rd1 Rfe8 21. Rd2
h5 22. h4 Kh7 23. Rb1 a5 24. Qd1 Bh6 25. Re2 Qxd3 26. Qxd3 Rxd3 27. Rxe5 Rxe5
28. Bxe5 Rxf3 29. Bc7 Rb3 30. Kf1 Bg7 31. Ke2 a4 32. Kd2 b5 33. Kc2 Rf3 34. Rf1
Bd4 35. Re1 Rxf2+ 0-1

[Event "Titled Tue 10th Jun Late"]
[Site "chess.com INT"]
[Date "2025.06.10"]
[Round "6"]
[White "Hungaski, Robert"]
[Black "Ernst, Luca"]
[Result "1-0"]
[WhiteTitle "GM"]
[BlackTitle "FM"]
[WhiteElo "2477"]
[BlackElo "2215"]
[WhiteFideId "2021030"]
[BlackFideId "45117055"]
[EventDate "2025.06.10"]

1. h3 e5 2. e3 d5 3. d4 exd4 4. exd4 Bd6 5. Nf3 h6 6. c4 c6 7. Nc3 Nf6 8. Bd3
O-O 9. O-O dxc4 10. Bxc4 Nbd7 11. Re1 Nb6 12. Bb3 Nbd5 13. Ne5 Be6 14. Bc2 c5
15. dxc5 Bxc5 16. Qf3 Nxc3 17. bxc3 Bd6 18. Bf4 Bd5 19. Qd3 Be4 20. Rxe4 Bxe5
21. Rxe5 1-0

[Event "Titled Tue 10th Jun Late"]
[Site "chess.com INT"]
[Date "2025.06.10"]
[Round "6"]
[White "Pereyra, Horacio"]
[Black "Kodihalli, Kaustubh"]
[Result "1-0"]
[WhiteElo "2133"]
[BlackElo "2038"]
[WhiteFideId "113700"]
[BlackFideId "30956455"]
[EventDate "2025.06.10"]

1. d4 Nf6 2. Nc3 d5 3. Bg5 e6 4. e4 dxe4 5. Nxe4 Be7 6. Bxf6 Bxf6 7. Nf3 O-O 8.
c3 b6 9. Bd3 Bb7 10. Qc2 h6 11. O-O-O Nd7 12. h4 Be7 13. g4 c6 14. g5 h5 15. g6
f5 16. Neg5 Rf6 17. Bc4 Nf8 18. Rhe1 Bc8 19. Ne5 Qd6 20. Qe2 Nxg6 21. Qxh5 Nf8
22. Nef7 Qf4+ 23. Kb1 Ng6 24. Bxe6 Bxe6 25. Qh7+ Kf8 26. Nxe6+ Rxe6 27. Rxe6
Kxf7 28. Qxg6+ Kf8 29. Rde1 Re8 30. R6e5 1-0

[Event "Titled Tue 10th Jun Late"]
[Site "chess.com INT"]
[Date "2025.06.10"]
[Round "6"]
[White "Zepeda Berlanga, Jan Enrique"]
[Black "Li, Eric 2007"]
[Result "0-1"]
[WhiteTitle "CM"]
[BlackTitle "IM"]
[WhiteElo "1984"]
[BlackElo "2372"]
[WhiteFideId "5132355"]
[BlackFideId "30939941"]
[EventDate "2025.06.10"]

1. e4 c5 2. Nf3 d6 3. d4 cxd4 4. Nxd4 Nf6 5. Nc3 a6 6. Be3 e5 7. Nf3 Be7 8. Bc4
O-O 9. O-O Nc6 10. Re1 Na5 11. Bf1 h6 12. Qd2 Be6 13. Rad1 Rc8 14. h3 b5 15. Nd5
Nxd5 16. exd5 Bf5 17. c3 Nc4 18. Qc1 Nxe3 19. Qxe3 Qa5 20. Nd4 Bd7 21. Bd3 Bg5
22. Qe4 f5 23. Nb3 fxe4 24. Nxa5 exd3 25. Rxd3 Bd8 26. Nb3 Bb6 27. Re2 b4 28.
cxb4 Bb5 0-1

[Event "Titled Tue 10th Jun Late"]
[Site "chess.com INT"]
[Date "2025.06.10"]
[Round "6"]
[White "Erigaisi, Arjun"]
[Black "Beerdsen, Thomas"]
[Result "1-0"]
[WhiteTitle "GM"]
[BlackTitle "GM"]
[WhiteElo "2782"]
[BlackElo "2538"]
[WhiteFideId "35009192"]
[BlackFideId "1030108"]
[EventDate "2025.06.10"]

1. Nf3 Nc6 2. c4 e5 3. Nc3 Nf6 4. e3 Bb4 5. Nd5 Be7 6. d4 d6 7. Be2 O-O 8. O-O
Bf5 9. Nxe7+ Qxe7 10. d5 Nb8 11. b4 a5 12. b5 Nbd7 13. a4 Nc5 14. Ba3 Nfd7 15.
Nd2 h6 16. f3 Bh7 17. Kh1 b6 18. Qe1 Kh8 19. Bd1 Nd3 20. Qe2 Qh4 21. Bc2 N7c5
22. e4 Nf4 23. Qe3 Nh5 24. Qf2 Qg5 25. g3 f5 26. exf5 Bxf5 27. Bxf5 Rxf5 28.
Bxc5 Nxg3+ 29. hxg3 dxc5 30. Ne4 Qg6 31. Kg2 Raf8 32. Qe3 Rf4 33. Rf2 h5 34. Rh1
h4 35. Kf1 R4f5 36. Rxh4+ Kg8 37. Kg2 R8f7 38. Rf1 Kf8 39. Rg4 Qxg4 40. fxg4
Rf2+ 1-0

[Event "Titled Tue 10th Jun Late"]
[Site "chess.com INT"]
[Date "2025.06.10"]
[Round "6"]
[White "Perez Rojas, Jorge"]
[Black "Manzone, Alessandro"]
[Result "0-1"]
[WhiteTitle "FM"]
[BlackTitle "FM"]
[WhiteElo "2100"]
[BlackElo "2397"]
[WhiteFideId "3452093"]
[BlackFideId "112488"]
[EventDate "2025.06.10"]

1. e4 c5 2. Nf3 e6 3. d4 cxd4 4. Nxd4 a6 5. Bd3 Bc5 6. Nb3 Be7 7. Qg4 Bf6 8. O-O
d6 9. c4 Nc6 10. Qe2 Nge7 11. f4 Ng6 12. Nc3 O-O 13. Bd2 Bd7 14. Rad1 Qc7 15.
Kh1 Rac8 16. c5 dxc5 17. Nxc5 Nd4 18. Nxd7 Nxe2 19. Nxf6+ gxf6 20. Bxe2 Rfd8 21.
f5 Ne5 22. fxe6 fxe6 23. Rxf6 Nc4 24. Bxc4 Qxc4 25. Rf3 b5 26. Rg3+ Kh8 27. a3
Rxd2 0-1

[Event "Titled Tue 10th Jun Late"]
[Site "chess.com INT"]
[Date "2025.06.10"]
[Round "6"]
[White "Blackburn, Jonathan L B"]
[Black "Demirtas, Alper"]
[Result "0-1"]
[WhiteTitle "FM"]
[BlackTitle "CM"]
[WhiteElo "2207"]
[BlackElo "2205"]
[WhiteFideId "1801090"]
[BlackFideId "44576781"]
[EventDate "2025.06.10"]

1. d4 d5 2. c4 e6 3. Nc3 Nf6 4. Bg5 Be7 5. e3 O-O 6. Qc2 h6 7. h4 c6 8. Nf3 a5
9. O-O-O Na6 10. a3 Bd7 11. Bxf6 Bxf6 12. cxd5 cxd5 13. g4 Nb4 14. axb4 axb4 15.
g5 bxc3 16. bxc3 Ba4 17. Qb2 Be7 18. gxh6 Ba3 19. Qxa3 Bxd1 20. hxg7 Rxa3 21.
gxf8=R+ Kxf8 22. Kxd1 Qa5 0-1

[Event "Titled Tue 10th Jun Late"]
[Site "chess.com INT"]
[Date "2025.06.10"]
[Round "6"]
[White "Krzywda, Andrzej"]
[Black "Sieciechowicz, Marcin"]
[Result "0-1"]
[WhiteTitle "CM"]
[BlackTitle "IM"]
[WhiteElo "2175"]
[BlackElo "2413"]
[WhiteFideId "1114565"]
[BlackFideId "1130170"]
[EventDate "2025.06.10"]

1. e4 e6 2. d4 d5 3. Nc3 Bb4 4. e5 c5 5. a3 Bxc3+ 6. bxc3 Qa5 7. Bd2 Qa4 8. Qg4
g6 9. h4 Nc6 10. h5 Bd7 11. Qd1 O-O-O 12. Nf3 h6 13. hxg6 fxg6 14. Rh4 c4 15.
Qc1 Qa5 16. a4 Nge7 17. Qa3 g5 18. Rh1 g4 19. Nh4 Rdf8 20. g3 Be8 21. Be2 h5 22.
Ng2 Ng6 23. Qd6 Bd7 24. Nf4 Nxf4 25. Bxf4 Qxc3+ 0-1

[Event "Titled Tue 10th Jun Late"]
[Site "chess.com INT"]
[Date "2025.06.10"]
[Round "6"]
[White "Tanriverdi, Enes"]
[Black "Shearsby, Jude"]
[Result "0-1"]
[WhiteTitle "IM"]
[BlackTitle "CM"]
[WhiteElo "2413"]
[BlackElo "2160"]
[WhiteFideId "34543279"]
[BlackFideId "462527"]
[EventDate "2025.06.10"]

1. e4 Nh6 2. d4 d5 3. exd5 Qxd5 4. Nc3 Qa5 5. Bd2 c6 6. Nf3 Ng4 7. Bc4 e6 8. Qe2
Nf6 9. O-O-O Be7 10. Nd5 Qd8 11. Nxe7 Qxe7 12. h4 a5 13. h5 h6 14. Ne5 Nbd7 15.
g4 Nxe5 16. dxe5 Nd5 17. Rdg1 b5 18. Bd3 Nb4 19. Be4 Bb7 20. a3 Nd5 21. g5 a4
22. gxh6 gxh6 23. f4 b4 24. Bxd5 bxa3 25. Bc4 Ba6 26. Rh3 a2 27. Ra3 Qxa3 0-1

[Event "Titled Tue 10th Jun Late"]
[Site "chess.com INT"]
[Date "2025.06.10"]
[Round "6"]
[White "Tsydypov, Zhamsaran"]
[Black "Sheehan, Ethan"]
[Result "1-0"]
[WhiteTitle "GM"]
[WhiteElo "2514"]
[BlackElo "2364"]
[WhiteFideId "4108566"]
[BlackFideId "30943965"]
[EventDate "2025.06.10"]

1. e4 e5 2. Nf3 Nc6 3. Bc4 Nf6 4. d3 Bc5 5. c3 d6 6. Bg5 h6 7. Bh4 a6 8. a4 Ba7
9. Nbd2 g5 10. Bg3 Qe7 11. b4 Be6 12. b5 Nd8 13. bxa6 bxa6 14. Bxa6 Bxf2+ 15.
Bxf2 Rxa6 16. O-O Ng4 17. Qe2 Nxf2 18. Qxf2 O-O 19. Ne1 f5 20. exf5 Rxf5 21. Qe2
Rxf1+ 22. Qxf1 Qf7 23. Qe2 Qd7 24. a5 Qb5 25. h4 Rxa5 26. Rb1 Qc5+ 27. Kh2 Nf7
28. Ne4 Qc6 29. Qf3 d5 30. Rb8+ Kg7 31. Qf6+ Kh7 32. h5 1-0

[Event "Titled Tue 10th Jun Late"]
[Site "chess.com INT"]
[Date "2025.06.10"]
[Round "6"]
[White "Szpar, Milosz"]
[Black "Esipenko, Andrey"]
[Result "0-1"]
[WhiteTitle "IM"]
[BlackTitle "GM"]
[WhiteElo "2495"]
[BlackElo "2689"]
[WhiteFideId "1184989"]
[BlackFideId "24175439"]
[EventDate "2025.06.10"]

1. e4 e6 2. d4 d5 3. Nc3 Nf6 4. Bg5 Bb4 5. e5 h6 6. Bd2 Bxc3 7. bxc3 Ne4 8. Bc1
c5 9. Ne2 Nc6 10. f3 Ng5 11. h4 Nh7 12. a4 Nf8 13. Ba3 Nd7 14. Qd2 Qa5 15. h5
Qc7 16. Rh4 b6 17. Rg4 Rg8 18. Nf4 Bb7 19. Bd3 O-O-O 20. Bh7 Rh8 21. Rxg7 Ncxe5
22. Qe2 cxd4 23. Bb4 a5 24. cxd4 axb4 25. dxe5 Qc3+ 26. Kf2 Qxa1 27. Rxf7 Nxe5
28. Rxb7 0-1

[Event "Titled Tue 10th Jun Late"]
[Site "chess.com INT"]
[Date "2025.06.10"]
[Round "6"]
[White "Petrus, Adrian"]
[Black "Hernandez Santos, David Ale"]
[Result "1-0"]
[WhiteTitle "CM"]
[BlackTitle "CM"]
[WhiteElo "2203"]
[BlackElo "1742"]
[WhiteFideId "14573652"]
[BlackFideId "5132002"]
[EventDate "2025.06.10"]

1. e4 c5 2. Nf3 e6 3. c3 Nf6 4. e5 Nd5 5. d4 cxd4 6. cxd4 d6 7. a3 Nc6 8. Bd3
dxe5 9. dxe5 Be7 10. O-O O-O 11. Qe2 Qc7 12. Qe4 g6 13. Rd1 Nb6 14. Bh6 Re8 15.
Nc3 a6 16. h4 Na5 17. h5 Nb3 18. hxg6 fxg6 19. Rab1 Nc5 20. Qg4 Nxd3 21. Rxd3
Bd7 22. Ne4 Nd5 23. Re1 Bf8 24. Rxd5 Bxh6 25. Rxd7 Qa5 26. Nf6+ Kh8 27. Rxh7# 1-0

[Event "Titled Tue 10th Jun Late"]
[Site "chess.com INT"]
[Date "2025.06.10"]
[Round "6"]
[White "Qi, Jenny"]
[Black "Hernandez Bermudez, Ulises Eduardo"]
[Result "1/2-1/2"]
[WhiteTitle "WFM"]
[WhiteElo "1946"]
[BlackElo "2042"]
[WhiteFideId "30995914"]
[BlackFideId "3902510"]
[EventDate "2025.06.10"]

1. e4 e5 2. Nf3 Nf6 3. Nxe5 d6 4. Nf3 Nxe4 5. Nc3 Nxc3 6. dxc3 Be7 7. Be3 Nd7 8.
Qd2 Nf6 9. O-O-O Be6 10. Bd3 c6 11. Kb1 Qa5 12. c4 Qxd2 13. Rxd2 O-O 14. Nd4 c5
15. Nf5 Bxf5 16. Bxf5 g6 17. Bd3 Ng4 18. Re2 f5 19. f3 Nxe3 20. Rxe3 Kf7 21.
Rhe1 Bf6 22. f4 Rfe8 23. Rxe8 Rxe8 24. Rxe8 Kxe8 25. c3 Kd7 26. Kc2 Ke6 27. Kd2
h5 28. g3 h4 29. Ke2 hxg3 30. hxg3 g5 31. Kf3 gxf4 32. Kxf4 Be5+ 33. Kg5 Bxg3
34. Bxf5+ Ke5 35. Bc8 b6 36. Kg4 Be1 37. Kf3 Bd2 38. Ke2 Bc1 39. b3 a5 40. a4
Ke4 41. Bb7+ Kf4 42. Kd3 Be3 43. Bd5 Bf2 44. Be6 Ke5 45. Bd5 Bh4 46. Bg8 1/2-1/2

[Event "Titled Tue 10th Jun Late"]
[Site "chess.com INT"]
[Date "2025.06.10"]
[Round "6"]
[White "Bulgak, Damir"]
[Black "Morris-Suzuki, Alan H"]
[Result "1-0"]
[WhiteElo "2213"]
[BlackElo "1987"]
[WhiteFideId "13528882"]
[BlackFideId "30933218"]
[EventDate "2025.06.10"]

1. d4 g6 2. c4 Bg7 3. Nf3 d6 4. Nc3 Nc6 5. g3 e5 6. dxe5 dxe5 7. Qxd8+ Nxd8 8.
Nb5 Kd7 9. Bg5 Ne6 10. O-O-O+ Kc6 11. Be3 a6 12. Bg2 Nc5 13. b4 e4 14. Bxc5 f5
15. Nbd4+ Kd7 16. Nxf5+ 1-0

[Event "Titled Tue 10th Jun Late"]
[Site "chess.com INT"]
[Date "2025.06.10"]
[Round "6"]
[White "Marchesich, Giovanni"]
[Black "Klevansky, Aron"]
[Result "1-0"]
[WhiteTitle "CM"]
[BlackTitle "CM"]
[WhiteElo "2189"]
[BlackElo "1930"]
[WhiteFideId "2824790"]
[BlackFideId "14313332"]
[EventDate "2025.06.10"]

1. b3 Nf6 2. Bb2 e6 3. d3 Be7 4. Nd2 O-O 5. e4 d5 6. e5 Nfd7 7. f4 c5 8. Ngf3
Nc6 9. g3 f6 10. Bg2 Qc7 11. exf6 Bxf6 12. Bxf6 Nxf6 13. O-O e5 14. fxe5 Nxe5
15. Nxe5 Qxe5 16. Nf3 Qd6 17. Re1 Bg4 18. h3 Bxf3 19. Qxf3 Ne4 20. Qh5 g6 21.
Qg4 Nxg3 22. Qe6+ Qxe6 23. Rxe6 Rf5 24. Rae1 Raf8 25. Re7 R8f7 26. c4 dxc4 27.
dxc4 b6 28. Bd5 Kg7 29. Rxf7+ Rxf7 30. Bxf7 Kxf7 31. Rd1 Ne2+ 32. Kf2 Nd4 33.
Ke3 Ke6 34. Ke4 g5 35. Rf1 h5 36. Rf8 g4 37. h4 Ne2 38. Rh8 Kf6 39. Ke3 Ng3 40.
Kf2 Ne4+ 41. Kg2 Kg6 42. Ra8 a5 43. Rb8 Nc3 44. Rxb6+ Kf5 45. Rh6 Nxa2 46. Rxh5+
Kf4 47. Rxc5 Nc1 48. Rb5 Ne2 49. h5 Nd4 50. h6 a4 51. bxa4 1-0

[Event "Titled Tue 10th Jun Late"]
[Site "chess.com INT"]
[Date "2025.06.10"]
[Round "6"]
[White "Anhwere, Bernard"]
[Black "Doric, Darko"]
[Result "0-1"]
[WhiteTitle "CM"]
[BlackTitle "IM"]
[WhiteElo "1906"]
[BlackElo "2444"]
[WhiteFideId "12600580"]
[BlackFideId "14507200"]
[EventDate "2025.06.10"]

1. d4 d5 2. c4 e6 3. Nf3 c6 4. g3 dxc4 5. Bg2 b5 6. a4 Bb7 7. b3 cxb3 8. axb5
cxb5 9. Qxb3 a6 10. O-O Nf6 11. Bf4 Bd6 12. Ne5 Bxg2 13. Kxg2 Nd5 14. Bd2 O-O
15. Nc3 Nxc3 16. Bxc3 Bxe5 17. dxe5 Nc6 18. Rfd1 Qb6 19. Rd6 Qb7 20. f3 b4 21.
Bb2 a5 22. Rc1 Ne7 23. Qa4 Nf5 24. Rd7 Qb6 25. Rcc7 h5 26. Qb3 a4 27. Qd3 a3 28.
Ba1 Qe3 29. Rb7 Qc1 30. Bd4 a2 31. Rdc7 Qb1 32. Qb5 Nxd4 0-1

[Event "Titled Tue 10th Jun Late"]
[Site "chess.com INT"]
[Date "2025.06.10"]
[Round "6"]
[White "Oksendal, Martin"]
[Black "Ngo, Quang Thai"]
[Result "0-1"]
[WhiteTitle "FM"]
[BlackTitle "FM"]
[WhiteElo "2235"]
[BlackElo "2326"]
[WhiteFideId "1554107"]
[BlackFideId "12403768"]
[EventDate "2025.06.10"]

1. Nf3 d5 2. g3 g6 3. Bg2 Bg7 4. d4 Nf6 5. O-O O-O 6. Nbd2 a5 7. c4 c6 8. b3 a4
9. Bb2 Bf5 10. Ne5 Nbd7 11. cxd5 cxd5 12. bxa4 Qa5 13. Nb3 Qxa4 14. Nxd7 Nxd7
15. Bxd5 Nb6 16. Bxb7 Rab8 17. Nc5 Qxd1 18. Rfxd1 Nd7 19. Bf3 Nxc5 20. Ba3 Ne6
21. e3 Ng5 22. Bg2 Rfe8 23. Rac1 Be4 24. Rc7 Bf6 25. h4 Bxg2 26. Kxg2 Ne6 27. d5
Nxc7 0-1

[Event "Titled Tue 10th Jun Late"]
[Site "chess.com INT"]
[Date "2025.06.10"]
[Round "6"]
[White "Dilanyan, Grigor"]
[Black "Klys, Kacper"]
[Result "1-0"]
[WhiteTitle "FM"]
[WhiteElo "2191"]
[BlackElo "2218"]
[WhiteFideId "13303570"]
[BlackFideId "21005281"]
[EventDate "2025.06.10"]

1. e4 e6 2. d4 d5 3. Nc3 Nf6 4. Bg5 dxe4 5. Nxe4 Nbd7 6. Bd3 Be7 7. Nf3 Nxe4 8.
Bxe7 Qxe7 9. Bxe4 Nf6 10. Qe2 O-O 11. Bd3 b6 12. O-O-O c5 13. d5 Nxd5 14. Bxh7+
Kxh7 15. Rxd5 Qf6 16. Rh5+ Kg8 17. Qe4 g6 18. Ng5 e5 19. Nh7 Qf4+ 20. Qxf4 exf4
21. Rh4 Kg7 22. Nxf8 g5 23. Rh5 Kxf8 24. Rxg5 Be6 25. h4 f6 26. Rh5 Kg7 27. Re1
Bxa2 28. b3 Kg6 29. Rd5 c4 30. Kb2 cxb3 31. cxb3 Rc8 32. Rd2 Bxb3 33. Kxb3 Rc5
34. Re4 Rf5 35. Rdd4 f3 36. g4 Ra5 37. Rf4 Rb5+ 38. Rb4 Rd5 39. Rxf3 b5 40. Rbf4
Rd6 41. Kb4 Rb6 42. Rxf6+ 1-0

[Event "Titled Tue 10th Jun Late"]
[Site "chess.com INT"]
[Date "2025.06.10"]
[Round "6"]
[White "Wang, Michael"]
[Black "Olund, Joar"]
[Result "1/2-1/2"]
[BlackTitle "FM"]
[WhiteElo "1868"]
[BlackElo "2369"]
[WhiteFideId "30920531"]
[BlackFideId "1714848"]
[EventDate "2025.06.10"]

1. e4 c6 2. d4 d5 3. exd5 cxd5 4. Bd3 Nf6 5. c3 Nc6 6. h3 g6 7. Nf3 Bg7 8. O-O
Bf5 9. Be2 O-O 10. Re1 a6 11. a4 Re8 12. Bf4 h6 13. Na3 g5 14. Bc1 Nd7 15. Nc2
e5 16. Ne3 Be4 17. Nxe5 Ndxe5 18. dxe5 d4 19. cxd4 Nxd4 20. Ra3 Bxe5 21. Ng4 Bg7
22. Bd3 Bxd3 23. Rxe8+ Qxe8 24. Rxd3 Ne2+ 25. Kh1 Nxc1 26. Qxc1 Qxa4 27. b3 Qc6
28. Qxc6 bxc6 29. Rd6 c5 30. Rc6 Rb8 31. Rxa6 Rxb3 32. Nxh6+ Bxh6 33. Rxh6 Kf8
34. Rc6 Rc3 35. f3 Ke7 36. Kg1 Kd7 37. Rf6 Ke7 38. Rc6 Rc2 39. Kh2 f5 40. Kg3
f4+ 41. Kg4 Rxg2+ 42. Kf5 Rg3 43. Rxc5 Rxf3 44. Kxg5 Rf1 45. Kg4 Ke6 46. h4 f3
47. Kg3 Kf6 48. Rc3 Kg6 49. Rxf3 Ra1 50. Kh3 Ra6 51. Rg3+ Kh6 52. Rf3 Rb6 53.
Kg3 Rc6 54. Kg4 Rd6 55. Kg3 Ra6 56. Kg4 Rb6 57. Kg3 Rc6 58. Kg4 Rd6 59. Kg3 Rc6 1/2-1/2

[Event "Titled Tue 10th Jun Late"]
[Site "chess.com INT"]
[Date "2025.06.10"]
[Round "6"]
[White "Mei, Austin"]
[Black "Gattani, Sarthak"]
[Result "1-0"]
[WhiteTitle "FM"]
[WhiteElo "2280"]
[BlackElo "1944"]
[WhiteFideId "30948479"]
[BlackFideId "30995965"]
[EventDate "2025.06.10"]

1. e4 e5 2. Nf3 Nc6 3. Bc4 Bc5 4. b4 Bxb4 5. c3 Ba5 6. d4 d6 7. Qb3 Qd7 8. dxe5
Bb6 9. Nbd2 dxe5 10. Ba3 Na5 11. Qb4 c5 12. Qb2 Nxc4 13. Nxc4 f6 14. Rd1 Qc6 15.
Nd6+ Kf8 16. O-O Be6 17. Nxe5 fxe5 18. f4 Ke7 19. c4 Nf6 20. Qxe5 Qxe4 21. Nxe4
Nxe4 22. Qxe4 Rad8 23. f5 Rxd1 24. Qxe6+ 1-0

[Event "Titled Tue 10th Jun Late"]
[Site "chess.com INT"]
[Date "2025.06.10"]
[Round "6"]
[White "Kosteniuk, Alexandra"]
[Black "Jimenez Salas, Maria Teresa"]
[Result "1-0"]
[WhiteTitle "GM"]
[BlackTitle "WIM"]
[WhiteElo "2474"]
[BlackElo "2170"]
[WhiteFideId "4128125"]
[BlackFideId "3843866"]
[EventDate "2025.06.10"]

1. e4 c5 2. d4 cxd4 3. Qxd4 Nc6 4. Qd3 e6 5. Nc3 Nf6 6. Bf4 Bb4 7. Ne2 O-O 8.
O-O-O Qa5 9. Kb1 Rd8 10. a3 Bxc3 11. Nxc3 d5 12. e5 Nd7 13. Qg3 d4 14. Nb5 a6
15. Nxd4 Ncxe5 16. Be2 Re8 17. h4 Ng6 18. Bc7 Qc5 19. h5 Ngf8 20. Bd6 Qa5 21. h6
g6 22. Nb3 Qb6 23. Bc7 Qa7 24. Qc3 e5 25. f4 Ne6 26. Bxe5 Nxe5 27. Qxe5 Qb8 28.
Rd6 f6 29. Qd5 Kf8 30. f5 Nf4 31. Rxf6+ Ke7 32. Rf7# 1-0

[Event "Titled Tue 10th Jun Late"]
[Site "chess.com INT"]
[Date "2025.06.10"]
[Round "6"]
[White "Puzyrevsky, Semyon"]
[Black "Deveci, Huseyin Said"]
[Result "0-1"]
[WhiteTitle "FM"]
[BlackTitle "CM"]
[WhiteElo "2292"]
[BlackElo "2212"]
[WhiteFideId "24240931"]
[BlackFideId "26322455"]
[EventDate "2025.06.10"]

1. d4 Nf6 2. Nf3 d5 3. c4 c6 4. Nc3 dxc4 5. a4 Bf5 6. e3 e6 7. Bxc4 Bb4 8. O-O
O-O 9. h3 Nbd7 10. Nh4 Bg6 11. Nxg6 hxg6 12. Bd2 Re8 13. f4 a6 14. Qb3 c5 15.
dxc5 Bxc5 16. Qxb7 Nb6 17. Bxa6 Qxd2 18. Kh1 Reb8 19. Qc7 Bxe3 20. Bb5 Nh5 21.
Ne4 Qxb2 22. Rab1 Qa2 23. Rfd1 Bxf4 24. Qe7 Nd5 25. Qh4 Qc2 26. Bd3 Qc7 27.
Rxb8+ Rxb8 28. Bb5 Qc2 29. Rg1 Qxe4 30. Bc6 Ng3+ 31. Kh2 Nf5+ 32. Kh1 Nxh4 33.
a5 Rb1 34. Bxd5 exd5 35. a6 Qxg2# 0-1

[Event "Titled Tue 10th Jun Late"]
[Site "chess.com INT"]
[Date "2025.06.10"]
[Round "6"]
[White "Mafra, Kaiser Luiz"]
[Black "Bratovic, Blaz"]
[Result "0-1"]
[WhiteTitle "CM"]
[BlackTitle "IM"]
[WhiteElo "2076"]
[BlackElo "2319"]
[WhiteFideId "2106698"]
[BlackFideId "14603551"]
[EventDate "2025.06.10"]

1. e4 c5 2. d4 cxd4 3. c3 d5 4. Qxd4 Nf6 5. exd5 Qxd5 6. Nf3 Nc6 7. Qxd5 Nxd5 8.
Bc4 Nb6 9. Bb3 f6 10. O-O e5 11. Be3 Nd7 12. Nbd2 Bc5 13. Bxc5 Nxc5 14. Bd5 Be6
15. Bxe6 Nxe6 16. Nc4 Ke7 17. Rad1 Rhd8 18. Nh4 g6 19. g3 Rxd1 20. Rxd1 Rd8 21.
Rxd8 Ncxd8 22. Ng2 b5 23. Na3 a6 24. Ne3 Kd6 25. Kf1 f5 26. Ke2 Nb7 27. Nac2
Nbc5 28. f3 Na4 29. Nd1 Kc5 30. Kd3 a5 31. Na3 Ng5 32. f4 exf4 33. gxf4 Ne6 34.
b3 Nxf4+ 35. Ke3 Nd5+ 36. Kd3 Naxc3 37. Nxc3 Nxc3 38. Nc2 Nxa2 39. Ne3 Nb4+ 40.
Kd2 a4 41. bxa4 bxa4 42. Ng2 Kc4 43. Kc1 Kb3 0-1